MARC

LEADER 00000nam0a2200000 4500
001 365108
005 20231102011743.0
035 |a (RuTPU)RU\TPU\retro\22471 
090 |a 365108 
100 |a 20211213d1981 km y0rusy50 ca 
101 0 |a rus 
102 |a RU 
105 |a a z 001zy 
200 1 |a Нейристорные и другие функциональные схемы с объемной связью  |f В. И. Стафеев, К. Ф. Комаровский, Г. Н. Фурсин 
210 |a Москва  |c Радио и связь  |d 1981 
215 |a 112 с.  |c ил. 
225 1 |a Массовая библиотека инженера "Электроника" 
320 |a Библиогр.: с. 105-109 
606 1 |a Схемотехника интегральная  |2 stltpush  |3 (RuTPU)RU\TPU\subj\58367  |9 76160 
610 1 |a нейристорные структуры 
610 1 |a объемные связи 
610 1 |a отрицательное сопротивление 
610 1 |a полупроводниковые приборы 
610 1 |a нейроконы 
610 1 |a логические операции 
610 1 |a логические модули 
610 1 |a большие интегральные схемы 
610 1 |a биполярные транзисторы 
675 |a 621.382.049.77  |v 4 
700 1 |a Стафеев  |b В. И.  |g Виталий Иванович 
701 1 |a Комаровский  |b К. Ф.  |g Константин Федорович 
701 1 |a Фурсин  |b Г. Н.  |g Григорий Иванович 
801 1 |a RU  |b 63413507  |c 20211213 
942 |c BK